El Idiota (Registro nro. 15906)

000 -CABECERA
campo de control de longitud fija 01275nam a22002297a 4500
003 - IDENTIFICADOR DEL NÚMERO DE CONTROL
campo de control OSt
005 - FECHA Y HORA DE LA ÚLTIMA TRANSACCIÓN
campo de control 20250425173816.0
008 - DATOS DE LONGITUD FIJA--INFORMACIÓN GENERAL
campo de control de longitud fija 250425b ||||| |||| 00| 0 spa d
020 ## - NÚMERO INTERNACIONAL ESTÁNDAR DEL LIBRO
Número Internacional Estándar del Libro 9788412188813
040 ## - FUENTE DE LA CATALOGACIÓN
Centro/agencia transcriptor CO-Mq BPB
041 ## - CÓDIGO DE LENGUA
Código de lengua del texto/banda sonora o título independiente spa
082 ## - NÚMERO DE LA CLASIFICACIÓN DECIMAL DEWEY
Número de clasificación AN
Número de documento/Ítem DOSi
100 ## - ENTRADA PRINCIPAL--NOMBRE DE PERSONA
Nombre de persona Dostoyevski, Fiódor
Fechas asociadas al nombre 1821-1881
Término indicativo de función/relación autor
245 ## - MENCIÓN DE TÍTULO
Título El Idiota
264 ## - PRODUCCIÓN, PUBLICACIÓN, DISTRIBUCIÓN, FABRICACIÓN Y COPYRIGHT
Producción, publicación, distribución, fabricación y copyright Madrid, España;
Nombre del de productor, editor, distribuidor, fabricante Albor,
Fecha de producción, publicación, distribución, fabricación o copyright 2021
300 ## - DESCRIPCIÓN FÍSICA
Extensión 479 páginas;
Otras características físicas Tapa dura
Dimensiones 23 cm
521 ## - NOTA DE PÚBLICO DESTINATARIO
Nota de público destinatario Tras retratar magistralmente la figura del culpable en Crimen y castigo, Dostoievski ahonda en El idiota en el alma torturada de un hombre inocente. Después de pasar varios años en un sanatorio suizo, el joven y piadoso príncipe Mishkin regresa a su Rusia natal para recibir una herencia y «mezclarse con la gente». Sin embargo, en San Petesburgo solo le aguarda una sociedad obsesionada con el dinero, el poder y la manipulación que pondrá a prueba su moral y sus puros sentimientos. Antes de llegar a su destino conoce al inquietante Rogozhin, hijo de un acaudalado mercader, cuya fijación por la hermosa Nastasia Filíppovna acabará por arrastrar a los tres protagonistas a un fatal desenlace.
650 ## - PUNTO DE ACCESO ADICIONAL DE MATERIA--TÉRMINO DE MATERIA
Término de materia o nombre geográfico como elemento de entrada Ficción clásica
650 ## - PUNTO DE ACCESO ADICIONAL DE MATERIA--TÉRMINO DE MATERIA
Término de materia o nombre geográfico como elemento de entrada Literatura rusa
650 ## - PUNTO DE ACCESO ADICIONAL DE MATERIA--TÉRMINO DE MATERIA
Término de materia o nombre geográfico como elemento de entrada Edad de oro
942 ## - ELEMENTOS DE PUNTO DE ACCESO ADICIONAL (KOHA)
Fuente del sistema de clasificación o colocación
Tipo de ítem Koha Libro Literatura
Existencias
Estado de retiro Estado de pérdida Fuente del sistema de clasificación o colocación Estado dañado No para préstamo Código de colección Localización permanente Ubicación/localización actual Ubicación en estantería Fecha de adquisición Fuente de adquisición Número de inventario Total de préstamos Renovaciones totales Signatura topográfica completa Código de barras Fecha visto por última vez Fecha del último préstamo Número de copia Precio válido a partir de Tipo de ítem Koha Nota pública
          Literatura Adulto Biblioteca Pública San Juan Bosco Biblioteca Pública San Juan Bosco Literatura 25/04/2025 Compra 2024 NT 2 4 AN DOSi MOS504324 29/05/2026 08/05/2026 Ej.1 25/04/2025 Libro Literatura Quince dias

© Todos los derechos reservados para la Biblioteca Pública Municipal San Juan Bosco, 2020
Secretaria de Cultura de Mosquera
Carrera 3 N° 10 Esquina Centro Cultural Barrio El Carmén Teléfono: 8270830 Ext: 34
Funcionando con KOHA
Contacto: Biblioteca Pública Municipal San Juan Bosco/ bibliotecasanjuanbosco@mosquera-cundinamarca.gov.co
Mosquera, Cundinamarca